| 000 | 00734cam a2200289 4500 | ||
|---|---|---|---|
| 008 | 090401t1996 xxu||||| |||| 00| 0 eng d | ||
| 020 | _a033359911X | ||
| 035 | _a(Sirsi) u39523 | ||
| 041 | _aeng | ||
| 050 | _a696 | ||
| 100 | _aCurd, E.F. | ||
| 245 | _aIntroduction to building services. | ||
| 250 | _a2nd ed. | ||
| 260 |
_aBasingstoke _bMacmillian _c1996 |
||
| 300 | _aviii,141p. : ill. ; 25cm . | ||
| 350 | _a13.99 | ||
| 490 | _aMacmillan Building and Surveying Series | ||
| 650 |
_aBlock management _96220 |
||
| 650 | _aGAS INSTALLATION | ||
| 650 | _aHEATING | ||
| 650 | _aVENTILATION | ||
| 650 | _aWATER | ||
| 690 |
_aBlock management _96220 |
||
| 700 | _aHoward, C.A. | ||
| 942 | _n0 | ||
| 948 | _c04/03/1997 | ||
| 999 |
_c90790 _d90790 |
||